| 000 | 00753nam a22002297a 4500 | ||
|---|---|---|---|
| 003 | DO-SdBNP | ||
| 005 | 20250124082802.0 | ||
| 007 | ta | ||
| 008 | 110301s2003 dr 000 0 spa d | ||
| 040 |
_aDO-SdBNP _bspa _cBNPHU |
||
| 082 | 4 |
_axxxx _bZ21 |
|
| 100 | 1 |
_aZáiter Mejía, Alba Josefina _92002 |
|
| 245 | 1 | 0 |
_aDesigualdad y oportunidades educativas / _cJosefina Zaiter |
| 260 |
_aSanto Domingo : _bUNESCO, _bSEE, _bFRACSO, _c2003. |
||
| 300 |
_a25 p. : _c28 cm. |
||
| 490 | 1 | _aCuadernos de Educación Básica para todos. | |
| 500 | _aIncluye datos biográficos de la autora en la pagina 4. | ||
| 590 | _aInventariado, 2022/ YL | ||
| 710 |
_aDirección General de Educación Básica (SEE). _982811 |
||
| 910 | _aYLockward | ||
| 942 |
_2ddc _cLF2 |
||
| 999 |
_c52905 _d52905 |
||